00000000nam##2200000za#4500
0019.516455
003CaOODSP
00520210615083010
007ta
008150406|1993||||xxc|||||     f|0| 0 fre|d
020 |a0-660-57958-8
022 |a0706-148X
040 |aCaOODSP|bfre
041 |aeng
041 |afre
043 |an-cn---
0861 |aS52-2/215-1993
1101 |aCanada.|bSecrétariat d'État du Canada. |bBureau de la traduction.
24510|aVocabulaire des matières dangereuses utilisées au travail / |cpar Hélène Jacob.
260 |aOttawa - Ontario : |bSecrétariat d'État du Canada. |c1993.
300 |a1039p. : |c22 cm.
4901 |aBulletin de terminologie|x0706-148X|v215
504 |aBibliographie.
5203 |aBulletin de terminologie 215. Ce vocabulaire regroupe 3 275 notions, soit près de 10 000 entrées. Second d'une série de vocabulaires consacrés à l'environnement, il répertorie la terminologie du "Système d'information sur les matières dangereuses utilisées au travail (SIMDUT)". Il couvre un vaste éventail de domaines : analyse chimique (caractéristiques physiques et propriétés des produits dangereux), hygiène et médecine du travail, manutention, mesures d'intervention et de sécurité, pollution, protection individuelle, réglementation, etc. Cet ouvrage contient également la " Liste de divulgation des ingrédients".
546 |aBilingue
563 |aCouverture souple
590 |a93-14|b1993-04-08
69107|aProduit dangereux|2gcpds
69107|aTerminologie|2gcpds
7201 |aJacob, Hélène
7760#|tVocabulary of hazardous materials in the workplace / |w(CaOODSP)9.590541
791 |tVocabulary of hazardous materials in the workplace / |eeng|w(CaOODSP)9.516454
830#0|aBulletin de terminologie,|x0706-148X|v215|w(CaOODSP)9.509599